| 000 | 00395nam a2200121Ia 4500 | ||
|---|---|---|---|
| 008 | 171212s9999 xx 000 0 und d | ||
| 020 | _a9781474419130 | ||
| 100 | _aPam Morris, | ||
| 245 |
_cPam Morris, _aJane Austen, Virginia Woolf and Worldly Realism |
||
| 260 |
_bEdinburgh University Press _c2017 |
||
| 650 | _aLanguage & Literature | ||
| 856 | _uhttp://jstor.org/stable/10.3366/j.ctt1g09tv4 | ||
| 999 |
_c351466 _d351466 |
||